000 00426nam a2200181Ia 4500
001 19191
005 20260306171726.0
008 260306s9999||||xx |||||||||||||| ||und||
041 _aESP
082 _a658.8
_bS78V
100 _aStanton, William J.
_eAUT
245 0 _aVentas:
_bconceptos, planificación y estrategias
260 _c1997
300 _a
_c
650 _aGEN
654 _aCAN
942 _cLIB
_dJUS
_fJUS
_2ddc
_n
999 _c19191
_d19191